Managing Information Technology (Record no. 131)

MARC details
000 -LEADER
fixed length control field 00435nam a22001697a 4500
005 - DATE AND TIME OF LATEST TRANSACTION
control field 20180201122823.0
008 - FIXED-LENGTH DATA ELEMENTS--GENERAL INFORMATION
fixed length control field 160427b xxu||||| |||| 00| 0 eng d
020 ## - INTERNATIONAL STANDARD BOOK NUMBER
ISBN 81-259-1074-3
041 ## - LANGUAGE CODE
Language code of text/sound track or separate title eng
082 ## - DEWEY DECIMAL CLASSIFICATION NUMBER
Item number 00431
Classification number 004
100 ## - MAIN ENTRY--AUTHOR NAME
Personal name Dewan, Bhushan
245 ## - TITLE STATEMENT
Title Managing Information Technology
260 ## - PUBLICATION, DISTRIBUTION, ETC. (IMPRINT)
Place of publication New Delhi
Name of publisher Vikas Publishing House,
Year of publication 2004
300 ## - PHYSICAL DESCRIPTION
Number of Pages 319
650 ## - SUBJECT ADDED ENTRY--TOPICAL TERM
Topical Term Information Technology
942 ## - ADDED ENTRY ELEMENTS (KOHA)
Koha item type Books
Holdings
Lost status Damaged status Collection code Home library Current library Shelving location Date acquired Source of acquisition Cost, normal purchase price Full call number Accession Number Koha item type
    CS/IT JRU Library JRU Library SHELF-48-D 27/04/2016 PURCHASE 250.00 004 00431 Books
    CS/IT JRU Library JRU Library SHELF-48-D 27/04/2016 PURCHASE 250.00 004 00432 Books
    CS/IT JRU Library JRU Library SHELF-48-D 27/04/2016 PURCHASE 250.00 004 00433 Books
    CS/IT JRU Library JRU Library SHELF-48-D 27/04/2016 PURCHASE 250.00 004 00434 Books